01655cam a22003375a 4500001001000000003000400010005001700014008004100031020003000072020002700102040003600129082002100165100003100186245010500217250002400322260005000346300003600396500026600432500002200698500002700720504003100747505019000778650006500968651001001033653003701043700002001080700003401100942000801134999001701142952015801159016319195OSt20151028120309.0140227t2014 enka frbd 001 0 eng d a9780273787068 (paperback) a0273787063 (paperback) aIiNdDKAbengcIiNdDKAdEG-ScBUE04a658.049222bCAV1 aCavusgil, S. Tamer.93859310aInternational business :bthe new realities /cS. Tamer Cavusgil, Gary Knight, John R. Riesenberger. a3rd ed., Global ed. aHarlow :bPearson Education Limited,cc.2014. a619 p. :bill. (col.) ;c28 cm. a"Authorised adaptation from the United States edition, entitled International business, the new realities, 3rd edition, ISBN 978-0-13-299126-1 by S. Tamer Cavusgil, Gary Knight and John R. Riesenberger, published by Pearson Education © 2014"--Title page verso. aIncludes indexes. aGlossary : p. 573-578. aBibliography : p. 579-600.0 aFoundation concepts -- The environment of international business -- Strategy and opportunity assessment -- Entering and operating in international markets -- Functional area excellence. 7aInternational business enterprisesxManagement.2BUEsh94507 2BUEsh bBUSADMcJanuary2015cOctober20151 aKnight, Gary A.1 aRiesenberger, John R.,d1948- 2ddc c20009d19981 00102ddc40708AlahramaMAINbMAINc1STd2015-06-28epurchaseg295.00h339l12m58o658.049 CAVp000039062r2025-07-15 00:00:00s2023-09-26v368.75yBB